[Event "Najdorf Memorial B"]
[Site "Warsaw POL"]
[Date "2023.07.19"]
[Round "9.21"]
[White "Drozdz, Jakub"]
[Black "Gasiorek, Dariusz"]
[Result "0-1"]
[WhiteElo "1643"]
[BlackElo "1832"]

1. e4 c6 2. d4 d5 3. e5 c5 4. dxc5 Nc6 5. f4 e6 6. Nf3 Bxc5 7. Nbd2 Nh6 8.
Nb3 Bb6 9. Bd3 Ng4 10. Ng5 Nf2 11. Qh5 g6 12. Qh6 Nxh1 13. Qg7 Rf8 14. f5
Qc7 15. Bb5 f6 16. exf6 Qe5+ 17. Be2 Qxf6 18. Qh6 Qe5 19. Qg7 Qf6 20. Qh6
Qxf5 21. Nxh7 Rf7 22. Bd2 Qf2+ 23. Kd1 Qg1+ 24. Be1 Bf2 25. Kd2 Be3+ 26.
Qxe3 Qxe3+ 27. Kxe3 Rxh7 28. h3 e5 29. Nd2 d4+ 30. Ke4 Bf5+ 31. Kf3 Rf7 32.
g4 Bd3+ 33. Kg2 Bxe2 34. Kxh1 O-O-O 35. Bh4 Rh8 36. Bg5 Bxg4 37. h4 Rf5 38.
Kg1 Rhf8 39. Ne4 Kc7 40. c3 b6 41. cxd4 exd4 42. Rc1 Bf3 43. Ng3 Rc5 44.
Rf1 Rc2 45. Ne4 Rg2+ 46. Kh1 Rf2+ 0-1